000 00654nam a2200205Ia 4500
003 GCL
008 140319s9999 xx 000 0 ara d
040 _aGCL /
_cGCL
082 0 4 _a814
_bن ا
100 1 _aنرمين القويسنى
245 1 0 _aاحسان عبدالقدوس امس واليوم وغدا /
_cنرمين القويسنى
700 1 _aاحسان عبدالقدوس
260 _aالقاهرة :
_bدياسيك ،
_c1991
300 _a263 ص ؛
_c30 سم
490 _a
650 0 4 _aالادب العربى
650 0 4 _aاحسان عبدالقدوس
650 0 4 _aالمقالات العربية - مصر
942 _2ddc
_cBK
999 _c56691
_d56691